LEADER 01323nam--2200397---450- 001 990000894360203316 005 20050607104730.0 010 $a88-18-22034-9 035 $a0089436 035 $aUSA010089436 035 $a(ALEPH)000089436USA01 035 $a0089436 100 $a20020122d1997----km-y0itay0103----ba 101 $aita 102 $aIT 105 $a||||||||001yy 200 1 $aFilosofia della rivelazione$esecondo l'edizione postuma del 1858 curata da Karl Friedrich August Schelling$fFriedrich Wilhelm Joseph Schelling$gsagio introduttivo, traduzione, note e apparati di Adriano Bausola 210 $aMilano$cRusconi$d1997 215 $aXCIV, 1568 p$d22 cm 225 2 $aIl pensiero occidentale 300 $aTesto tedesco a fronte 410 $12001$aIl pensiero occidentale 676 $a193 700 1$aSCHELLING,$bFriedrich Wilhelm Joseph$0151913 702 1$aBAUSOLA,$bAdriano 801 0$aIT$bsalbc$gISBD 912 $a990000894360203316 951 $aII.1.D. 1393(IV A COLL. 273/1)$bLM$cIV A COLL. 959 $aBK 969 $aUMA 979 $aPATTY$b90$c20020122$lUSA01$h1523 979 $c20020403$lUSA01$h1733 979 $aPATRY$b90$c20040406$lUSA01$h1702 979 $aCOPAT5$b90$c20050607$lUSA01$h1047 996 $aFilosofia della rivelazione$9193475 997 $aUNISA LEADER 02062nam 2200445 450 001 9910160316603321 005 20230807213149.0 010 $a1-78770-030-5 010 $a1-60945-369-7 035 $a(CKB)3710000001023689 035 $a(MiAaPQ)EBC4783780 035 $a(EXLCZ)993710000001023689 100 $a20170127h20152015 uy 0 101 0 $aeng 135 $aurcnu|||||||| 181 $2rdacontent 182 $2rdamedia 183 $2rdacarrier 200 10$a2084 $ethe end of the world /$fBoualem Sansal ; translated from the French by Alison Anderson 210 1$aNew York, New York :$cEuropa Editions,$d2015. 210 4$dİ2015 215 $a1 online resource (148 pages) 311 $a1-60945-366-2 330 $a"It is the year 2084. In the kingdom of Abista, named after the prophet Abi, earthly messenger of the god Yola, citizens submit to a single god, demonstrating their devotion by kneeling in prayer nine times a day. Autonomous thought has been banned, remembering is forbidden, and an omnipresent surveillance system instantly informs the authorities of every deviant act, thought, or idea. The kingdom is blessed and its citizens are happy, filled with a sense of purpose and piety. Those who are not, the heretics, are put to death by stoning or beheading in city squares. But Ati has met people who think differently; in ghettos and caves, hidden from the authorities, exist the last living heretics and free-thinkers of Abistan. Under their influence, Ati begins to doubt. He begins to think. Now, he will have to defend his thoughts with his life."--Amazon.com 606 $aReligion 606 $aGod (Christianity) 606 $aGod$xBiblical teaching 615 0$aReligion. 615 0$aGod (Christianity) 615 0$aGod$xBiblical teaching. 676 $a200 700 $aSansal$b Boualem$0443217 702 $aAnderson$b Alison 801 0$bMiAaPQ 801 1$bMiAaPQ 801 2$bMiAaPQ 906 $aBOOK 912 $a9910160316603321 996 $a2084$92893357 997 $aUNINA